Guess mystery Dua Lipa song - Statistics

General Stats
  • This quiz has been taken 58 times
  • The average score is 209 of 340
Answer Stats
Answer % Correct
I
98%
a
96%
you
92%
You
92%
the
88%
me
87%
on
81%
to
81%
When
79%
when
79%
do
77%
be
75%
my
75%
then
75%
an
73%
I'm
73%
love
73%
your
73%
go
71%
in
71%
Are
69%
are
69%
hear
69%
It
69%
it
69%
don't
67%
Don't
67%
is
67%
Is
67%
And
65%
can
65%
Can
65%
some
65%
that
65%
ever
63%
know
63%
like
63%
at
62%
need
62%
just
60%
someone
60%
Someone
60%
take
60%
than
60%
there
60%
who
60%
heart
58%
how
58%
if
58%
If
58%
over
58%
been
56%
for
56%
For
56%
I've
56%
night
56%
should
56%
tell
56%
But
54%
Cause
54%
cause
54%
close
54%
deeper
54%
give
54%
have
54%
hold
54%
known
54%
Now
54%
feels
52%
Or
52%
rodeo
52%
training
52%
Training
52%
control
50%
see
50%
with
50%
got
48%
hard
48%
knows
48%
seasons
48%
show
48%
wanna
48%
really
46%
talking
46%
baby
44%
feeling
44%
learn
44%
lesson
44%
too
44%
twice
44%
Conversation
42%
he's
42%
late
42%
let
42%
nature
42%
poison
42%
soul
42%
Whose
42%
drawn
40%
overload
40%
right
40%
somebody
40%
time
40%
yeah
40%
compass
38%
fair
38%
Play
38%
vertigo
38%
vulnerable
38%
ask
37%
blow
37%
Run
37%
straight
37%
teach
37%
much
35%
team
35%
waiting
35%
arrow
33%
hits
33%
nice
33%
understands
33%
whistle
33%
ain't
31%
good
31%
potential
31%
sidelines
31%
hope
29%
stuck
29%
tricky
29%
light
27%
lovers
27%
tried
27%
complete
17%
differnce
4%
No matching quizzes found
Score Distribution
Percent of People with Each Score
Percentile by Number Answered
Your Score History
You have not taken this quiz